Effects of pollution on health /
Guardado en:
| Otros Autores: | , , |
|---|---|
| Formato: | Libro |
| Idioma: | English |
| Publicado: |
Berkeley :
University of California Press,
1972.
|
| Series: | Proceedings of the Sixth Berkeley Symposium on Mathematical Statistics and Probability ;
v. 6 |
| Etiquetas: |
Agregar Etiqueta
Sin Etiquetas, Sea el primero en etiquetar este registro!
|
| LEADER | 01054nam a22002175a 4500 | ||
|---|---|---|---|
| 001 | MAT.inmabb006632 | ||
| 008 | 120813s1972####caua#####b####100#0#eng#d | ||
| 005 | 20170515134704.0 | ||
| 245 | 1 | 0 | |a Effects of pollution on health / |c edited by Lucien M. Le Cam, Jerzy Neyman, and Elizabeth L. Scott. |
| 260 | |a Berkeley : |b University of California Press, |c 1972. | ||
| 300 | |a xvii, 599 p. : |b il. ; |c 26 cm. | ||
| 490 | 1 | |a Proceedings of the Sixth Berkeley Symposium on Mathematical Statistics and Probability ; |v v. 6 | |
| 504 | |a Incluye referencias bibliográficas. | ||
| 510 | 4 | |a MR, |c 52 #9427 | |
| 020 | |a 0520021894 | ||
| 700 | 1 | |a Le Cam, Lucien M. |q (Lucien Marie), |d 1924- |4 edt | |
| 700 | 1 | |a Neyman, Jerzy, |d 1894-1981. |4 edt | |
| 700 | 1 | |a Scott, Elizabeth L. |4 edt | |
| 811 | 2 | |a Berkeley Symposium on Mathematical Statistics and Probability |n (6th : |d 1970-1971 : |c University of California). |t Proceedings of the Berkeley Symposium on Mathematical Statistics and Probability ; |v v. 6. | |
| 084 | |a 62-06 (62P10 92-06) |2 msc2000 | ||
| 859 | |h 62 |i B512-6 |p A-5889 |b BIB. MATEMATICA | ||
